ՀՀ Գիտությունների ազգային ակադեմիայի հիմնարար գիտական գրադարան  =   Fundamental Scientific Library of NAS RA

Листва : (Record no. 165152)

MARC details
000 -LEADER
fixed length control field 00779nam a2200217 u 4500
001 - CONTROL NUMBER
control field 000454619
003 - CONTROL NUMBER IDENTIFIER
control field AM-YeHGA
005 - DATE AND TIME OF LATEST TRANSACTION
control field 20250617133429.0
008 - FIXED-LENGTH DATA ELEMENTS--GENERAL INFORMATION
fixed length control field 050927s1981 ||| r 000 0 rus d
040 ## - CATALOGING SOURCE
Original cataloging agency AM-YeHGA
041 1# - LANGUAGE CODE
Language code of text/sound track or separate title rus
Language code of original mol
090 ## - LOCALLY ASSIGNED LC-TYPE CALL NUMBER (OCLC); LOCAL CALL NUMBER (RLIN)
-- 166576
100 1# - MAIN ENTRY--PERSONAL NAME
Personal name Виеру, Ион
245 10 - TITLE STATEMENT
Title Листва :
Remainder of title Стихи /
Statement of responsibility, etc. Ион Виеру; Пер. с молд. М. Фильштейна.
260 ## - PUBLICATION, DISTRIBUTION, ETC.
Place of publication, distribution, etc. Москва :
Name of publisher, distributor, etc. Сов. писатель,
Date of publication, distribution, etc. 1981.
300 ## - PHYSICAL DESCRIPTION
Extent 95 с.
Other physical details портр.
500 ## - GENERAL NOTE
General note В вып. дан. авт.: Ион Виеру (Иван Васильевич Виеру)
650 14 - SUBJECT ADDED ENTRY--TOPICAL TERM
Topical term or geographic name entry element Молдавская литература
653 0# - INDEX TERM--UNCONTROLLED
Uncontrolled term Молдавская поэзия
700 1# - ADDED ENTRY--PERSONAL NAME
Personal name Фильштейн, Михаил
Relator term пер.
Relationship trl
Holdings
Withdrawn status Lost status Damaged status Not for loan Collection Home library Current library Date acquired Total checkouts Full call number Barcode Date last seen Price effective from Koha item type Public note
        General Fundamental Scientific Library Fundamental Scientific Library 28/12/2016   859.2 110048209 28/12/2016 28/12/2016 Գրքեր / Books 30 Days Loan


ՀՀ ԳԱԱ հիմնարար գիտական գրադարան
ՀՀ,Երևան 0019
Մարշալ Բաղրամյան 24/6
հեռախոս:(374-10) 52-47-50
Հետադարձ կապ

All site content, except where otherwise noted, is licensed under a
Creative Commons License